000 00766nam a2200241 a 4500
001 000018439
005 20200929165816.0
008 100506s1943 sp 000 p spa d
040 _aDO-SdBNP
_bspa
082 _a861.5
_bC198po
100 1 _aCampoamor, Ramón de,
_d1817-1901
_99880
245 1 0 _aPoesías /
_cCampoamor ; edicion y prólogo de Félix Ros.
260 _aMadrid :
_bEspasa-Calpe,
_c1943.
300 _a308 p. ;
_c19 cm.
490 1 _aClásicos castellanos
_v40
504 _aIncluye referencias bibliográficas y notas al pie de las páginas.
650 4 _aPoesía española
_9631
650 4 _aLiteratura española
_9632
700 1 _aRos, Félix,
_eed.
_939917
830 0 _aClásicos castellanos ;
_v40
_94180
910 _aWM
049 _aBNGR
999 _c17959
_d17959